[Event "Charlesbourg Khalif"]
[Site "Charlesbourg"]
[Date "2015.04.06"]
[Round "2"]
[White "Bergeron, Sylvain"]
[Black "Potvin, Alain Nicolas"]
[Result "0-1"]
[WhiteElo "1162"]
[BlackElo "1771"]
[PlyCount "78"]
[EventDate "2015.03.30"]
[EventType "swiss"]
[EventRounds "5"]
[EventCountry "CAN"]
[SourceTitle "EXT 2022"]
[Source "ChessBase"]
[SourceDate "2021.10.06"]
[SourceVersion "1"]
[SourceVersionDate "2021.10.06"]
[SourceQuality "1"]

1. d4 g6 2. Nf3 Bg7 3. e4 d6 4. Ng5 Nf6 5. Nc3 0-0 6. Bc4 Nc6 7. d5 Na5 8. Bd3 c5 9. dxc6 Nxc6 10. Bc4 h6 11. Nf3 Qa5 12. Bd2 Qh5 13. Be2 Bg4 14. h3 Rac8 15. Nh2 Bxe2 16. Qxe2 Qxe2+ 17. Kxe2 Nd4+ 18. Kd1 a6 19. Ng4 h5 20. Nxf6+ Bxf6 21. Nd5 Nxc2 22. Rc1 Nd4 23. Bc3 Nc6 24. Bxf6 exf6 25. Nxf6+ Kg7 26. Nd7 Rfe8 27. Nb6 Rcd8 28. f3 f5 29. Rc4 Re5 30. Re1 Rb5 31. Na4 d5 32. exd5 Rbxd5+ 33. Kc1 Kf6 34. Nc5 Ne5 35. Rc3 Rxc5 36. Rxc5 Nd3+ 37. Kd1 Nxc5+ 38. Ke2 Re8+ 39. Kf2 Nd3+ 0-1